Vymedzenie a triedenie environmentálnych nákladov a výnosov v podniku bakalárska práca

Uložené v:
Podrobná bibliografia
Hlavný autor: Valeková, Sára
Korporativný autor: Fakulta hospodárskej informatiky EU. Katedra účtovníctva a audítorstva
Ďalší autori: Antalová, Renáta
Médium: Kniha
Jazyk:Slovak
Vydavateľské údaje: Bratislava 2022
Tagy: Pridať tag
Žiadne tagy, Buďte prvý, kto otaguje tento záznam!

MARC

LEADER 00000nbm a2200000 4500
001 0285938
005 20230123150729.5
041 0 |a slo 
044 |a SK 
245 1 0 |a Vymedzenie a triedenie environmentálnych nákladov a výnosov v podniku  |b bakalárska práca  |c Sára Valeková ; školiteľ: Renáta Antalová 
264 1 |a Bratislava  |c 2022 
300 |a 41 s. 
100 1 |a Valeková, Sára 
700 1 |a Antalová, Renáta 
710 2 |a Fakulta hospodárskej informatiky EU. Katedra účtovníctva a audítorstva